000 00607nam a2200253Ia 4500
003 OSt
005 20221007100703.0
006 a|||||r|||| 00| 0
007 ta
008 221006b |||||||| |||| 00| 0 eng d
024 _a4,903
037 _cTextual
040 _aLCO
_cLCO
_beng
041 _2eng
_aeng
082 _aZ3,4, M4
100 _aWINFIELD
245 0 _aLaw of Torts
250 _a12
260 _aLondon
_bSweet & Maxwell UK
_c1984
650 _aTORT
_9690780
700 _a JOLOWICZ
942 _hZ3,4, M4
_cTEXL
999 _c1174466
_d1174466